000 00317nam a2200121Ia 4500
008 191201s2007 xx 000 0 und d
100 _aRAJASEKARAN,S.
245 0 _aNeural Networks and Fuzzy Logic, and Genetic Algorithms
260 _aN. Delhi
_bPHI
_c2007
300 _a439
650 _aB.Tech(CSE)
942 _2ddc
_cBK
999 _c6640
_d6640